000 00456pab a2200169 454500
008 180718b1999 xxu||||| |||| 00| 0 eng d
100 _aRaman, B.
245 _aKargil: in perspective
260 _c1999
300 _ap.162-70
362 _aApr-Jun
650 _aIndia - Foreign relations - Pakistan
650 _aInternational relations
650 _aKargil conflict
773 _aJournal of the United Service Institution of India
909 _a41782
999 _c41782
_d41782